| 000 | 00000nas##2200000za#4500 |
|---|---|
| 001 | 9.514766 |
| 003 | CaOODSP |
| 005 | 20230131161131 |
| 007 | ta |
| 008 | 150406c1990||||xxc|| m #||||f| |0eng|d |
| 020 | |a0-660-13115-3 |
| 040 | |aCaOODSP|beng |
| 043 | |an-cn--- |
| 086 | 1 |aM40-49E |
| 110 | 2 |aGeological Survey of Canada. |
| 245 | 10|aGeology of Canada / |cGeneral editor: J. O. Wheeler. |
| 260 | |aOttawa - Ontario : |bNatural Resources Canada. |
| 563 | |aClothbound |
| 720 | 1 |aWheeler, J. O. |
| 720 | 1 |aa, brep |
| 720 | 1 |aRosemary, Raimondi |
| 775 | 08|tGéologie du Canada / |w(CaOODSP)9.513124 |